Технология и организация работ при строительстве объектов природообустройства и водопользования: учебник

Dades bibliogràfiques
Autor principal: Иванов Е. С. Евгений Степанович
Sumari:Изложены технология и организация работ при строительстве сооружений: гидротехнических, гидромелиоративных, противопаводковых, противооползневых, селезащитных, систем водоснабжения и водоотведения. Отражены мероприятия и работы по защите ландшафтов от эрозионных процессов, а также территорий и строений от затопления и подтопления. Приведены прогрессивные способы производства работ в свете последних достижений науки и передовой практики, основные принципы комплексной механизации строительных процессов. Освещены вопросы качества работ и охраны окружающей природной среды. Для студентов вузов по направлению «Природообустройство и водо­пользование», а также для специалистов проектных, строительных и ре-монтно-эксплуатационных организаций.
Idioma:rus
Publicat: Москва, АСВ, 2014
Matèries:
Format: Llibre
KOHA link:https://koha.lib.tpu.ru/cgi-bin/koha/opac-detail.pl?biblionumber=292427

MARC

LEADER 00000nam0a2200000 4500
001 292427
005 20231102000508.0
010 |a 9785432300188 
035 |a (RuTPU)RU\TPU\book\317047 
090 |a 292427 
100 |a 20150422d2014 m y0rusy50 ca 
101 0 |a rus 
102 |a RU 
105 |a a j 001zy 
200 1 |a Технология и организация работ при строительстве объектов природообустройства и водопользования  |e учебник  |f Е. С. Иванов 
210 |a Москва  |c АСВ  |d 2014 
215 |a 560 с.  |c ил. 
320 |a Библиогр.: с. 554. 
330 |a Изложены технология и организация работ при строительстве сооружений: гидротехнических, гидромелиоративных, противопаводковых, противооползневых, селезащитных, систем водоснабжения и водоотведения. Отражены мероприятия и работы по защите ландшафтов от эрозионных процессов, а также территорий и строений от затопления и подтопления. Приведены прогрессивные способы производства работ в свете последних достижений науки и передовой практики, основные принципы комплексной механизации строительных процессов. Освещены вопросы качества работ и охраны окружающей природной среды. Для студентов вузов по направлению «Природообустройство и водо­пользование», а также для специалистов проектных, строительных и ре-монтно-эксплуатационных организаций. 
606 1 |a Земляные работы  |x Производство  |2 stltpush  |3 (RuTPU)RU\TPU\subj\11763  |9 38662 
610 1 |a строительное производство 
610 1 |a земляные сооружения 
610 1 |a строительство 
610 1 |a механический способ 
610 1 |a земляное русло 
610 1 |a каналы 
610 1 |a насыпные плотины 
610 1 |a дамбы 
610 1 |a гидромеханизированный способ 
610 1 |a закрытый дренаж 
610 1 |a трубопроводы 
610 1 |a коллекторы 
610 1 |a монтажные работы 
610 1 |a гидроизоляционные работы 
610 1 |a свайные работы 
610 1 |a откосы 
610 1 |a облицовки 
610 1 |a устройство 
610 1 |a технология 
610 1 |a крепление 
610 1 |a противоэрозионные работы 
610 1 |a территории 
610 1 |a природоохранное обустройство 
610 1 |a учебники 
675 |a 624.132(075.8)  |v 4 
700 1 |a Иванов  |b Е. С.  |g Евгений Степанович 
801 1 |a RU  |b 63413507  |c 20150422 
801 2 |a RU  |b 63413507  |c 20150625  |g RCR 
900 |a Строительные конструкции 
942 |c BK 
952 |l 8 
959 |a 47/20150416  |d 3  |e 600,00  |f ЧЗТЛ:1  |f УФ:2